Management

Saved in:
Bibliographic Details
Main Author: Pohlmann, Markus (Author)
Format: Chapter/Article
Language:German
Published: 2017
In: Lexikon der Arbeits- und Industriesoziologie
Year: 2017, Pages: 318-324
Online Access: Get full text
Author Notes:Markus Pohlmann

MARC

LEADER 00000caa a22000002c 4500
001 1752774787
003 DE-627
005 20220819151057.0
007 tu
008 210330s2017 xx ||||| 00| ||ger c
035 |a (DE-627)1752774787 
035 |a (DE-599)KXP1752774787 
035 |a (OCoLC)1341401830 
040 |a DE-627  |b ger  |c DE-627  |e rda 
041 |a ger 
084 |a 14  |2 sdnb 
100 1 |a Pohlmann, Markus  |d 1961-  |e VerfasserIn  |0 (DE-588)131524623  |0 (DE-627)510499201  |0 (DE-576)298562820  |4 aut 
245 1 0 |a Management  |c Markus Pohlmann 
264 1 |c 2017 
300 |a 7 
336 |a Text  |b txt  |2 rdacontent 
337 |a ohne Hilfsmittel zu benutzen  |b n  |2 rdamedia 
338 |a Band  |b nc  |2 rdacarrier 
773 0 8 |i Enthalten in  |t Lexikon der Arbeits- und Industriesoziologie  |b 2. Auflage  |d Baden-Baden : Nomos, edition sigma, 2017  |g (2017), Seite 318-324  |h 421 Seiten  |w (DE-627)859551792  |w (DE-576)494329777  |z 9783848732548  |z 3848732548  |7 nnam  |a Management 
773 1 8 |g year:2017  |g pages:318-324  |g extent:7  |a Management 
776 0 8 |i Erscheint auch als  |n Online-Ausgabe  |a Pohlmann, Markus, 1961 -   |t Management  |d 2017  |w (DE-627)1567222005  |w (DE-576)497222000 
951 |a AR 
992 |a 20210330 
993 |a BookComponentPart 
998 |g 131524623  |a Pohlmann, Markus  |m 131524623:Pohlmann, Markus  |d 180000  |d 180600  |e 180000PP131524623  |e 180600PP131524623  |k 0/180000/  |k 1/180000/180600/  |p 1  |x j  |y j 
999 |a KXP-PPN1752774787  |e 3897963582 
BIB |a Y 
JSO |a {"physDesc":[{"extent":"7 S."}],"name":{"displayForm":["Markus Pohlmann"]},"origin":[{"dateIssuedDisp":"2017","dateIssuedKey":"2017"}],"person":[{"given":"Markus","display":"Pohlmann, Markus","family":"Pohlmann","role":"aut"}],"type":{"bibl":"chapter"},"id":{"eki":["1752774787"]},"title":[{"title":"Management","title_sort":"Management"}],"relHost":[{"id":{"eki":["859551792"],"isbn":["9783848732548","3848732548"]},"note":["Literaturverzeichnis: Seite 329-409"],"language":["ger"],"recId":"859551792","titleAlt":[{"title":"LAIS"}],"name":{"displayForm":["Hartmut Hirsch-Kreinsen, Heiner Minssen (Hrsg.) ; unter Mitarbeit von Rainer Bohn"]},"corporate":[{"role":"pbl","display":"Nomos Verlagsgesellschaft"}],"physDesc":[{"extent":"421 Seiten","noteIll":"Diagramme","noteFormat":"24 cm"}],"person":[{"role":"edt","given":"Hartmut","display":"Hirsch-Kreinsen, Hartmut","family":"Hirsch-Kreinsen"},{"role":"edt","display":"Minssen, Heiner","family":"Minssen","given":"Heiner"},{"given":"Rainer","family":"Bohn","display":"Bohn, Rainer","role":"ctb"}],"origin":[{"publisherPlace":"Baden-Baden","editionNo":"2","dateIssuedDisp":"2017","dateIssuedKey":"2017","publisher":"Nomos, edition sigma","edition":"2. Auflage"}],"part":{"extent":"7","year":"2017","text":"(2017), Seite 318-324","pages":"318-324"},"type":{"bibl":"edited-book"},"title":[{"title":"Lexikon der Arbeits- und Industriesoziologie","subtitle":"LAIS","title_sort":"Lexikon der Arbeits- und Industriesoziologie"}],"disp":"ManagementLexikon der Arbeits- und Industriesoziologie"}],"language":["ger"],"recId":"1752774787"} 
SRT |a POHLMANNMAMANAGEMENT2017